Key Figures on European Business
Salvato in:
| Ente Autore: | |
|---|---|
| Natura: | Libro |
| Lingua: | inglese |
| Pubblicazione: |
Luxembourg
Publications Office of the European Union
2023
|
| Edizione: | 2023 Edition |
| Soggetti: | |
| Tags: |
Nessun Tag, puoi essere il primo ad aggiungerne!!
|
MARC
| LEADER | 00000nam a2200000 4500 | ||
|---|---|---|---|
| 001 | 0297333 | ||
| 005 | 20240306142005.9 | ||
| 020 | |a 978-92-68-00401-2 | ||
| 020 | |a 978-92-68-00402-9 | ||
| 041 | 0 | |a eng | |
| 044 | |a LU | ||
| 245 | 1 | 0 | |a Key Figures on European Business |
| 250 | |a 2023 Edition | ||
| 264 | 1 | |a Luxembourg |b Publications Office of the European Union |c 2023 | |
| 300 | |a 84 s. | ||
| 610 | 2 | 0 | |a porovnanie štatistické medzinárodné |
| 610 | 2 | 0 | |a údaje štatistické medzinárodné |
| 610 | 2 | 0 | |a štatistika ekonomická |
| 610 | 2 | 0 | |a štatistika podniková |
| 610 | 2 | 0 | |a analýza ekonomická |
| 610 | 2 | 0 | |a podnikanie |
| 610 | 2 | 0 | |a podnikanie medzinárodné |
| 610 | 2 | 0 | |a priemysel |
| 610 | 2 | 0 | |a obchod medzinárodný |
| 610 | 2 | 0 | |a ruch cestovný |
| 610 | 2 | 0 | |a Európa |
| 610 | 2 | 0 | |a Európska únia |
| 710 | 2 | |a Eurostat | |